000 00914pam a2200181 a 4500
020 _a0872626261
082 0 0 _a621.4832
_bEFF
_cL-NUST, P-19
245 0 4 _aThe Effects of earthquakes on power and industrial facilities and implications for nuclear power plant design /
_cprepared by the Working Group on Past Behavior of the Committee on Dynamic Analysis of the Committee on Nuclear Structures and Materials of the Structural Division of the American Society of Civil Engineers.
260 _aNew York, N.Y. :
_bThe American Society,
_cc1987.
300 _av, 226 p. :
_bill. ;
_c22 cm.
526 _a0
_b0
_c0
_d621_483200000000000_EFF
650 0 _aEarthquake resistant design.
_9652
650 0 _aMCE
_9379
650 0 _aNuclear power plants
_xDesign and construction.
_941928
650 0 _aNuclear power plants
_xEarthquake effects.
_936350
710 2 _aAmerican Society of Civil Engineers.
_9702
942 _2ddc
_cBK
999 _c545948
_d545948